[Event "Hastings op 9495"]
[Site "Hastings"]
[Date "1994.??.??"]
[Round "?"]
[White "Jakubovics, Nick S"]
[Black "McNab, Colin Anderson"]
[Result "0-1"]
[WhiteElo "2255"]
[BlackElo "2465"]
[PlyCount "72"]
[EventDate "1994.12.??"]
[EventType "swiss"]
[EventRounds "9"]
[EventCountry "ENG"]
[SourceTitle "EXT 1998"]
[Source "ChessBase"]
[SourceDate "1997.11.17"]
[SourceVersion "1"]
[SourceVersionDate "1997.11.17"]
[SourceQuality "1"]

1. e4 g6 2. d4 d6 3. Nc3 c6 4. Be3 Nf6 5. f3 Nbd7 6. Qd2 Qc7 7. Nge2 b5 8. Nc1 Bg7 9. Nd3 Rb8 10. Bh6 Bxh6 11. Qxh6 b4 12. Ne2 c5 13. dxc5 Nxc5 14. Nxc5 Qxc5 15. 0-0-0 Bd7 16. Nd4 a5 17. Kb1 a4 18. Be2 Qh5 19. Qxh5 Nxh5 20. Bc4 e6 21. Rd2 Ke7 22. Rhd1 Rhd8 23. g3 Nf6 24. Bf1 e5 25. Ne2 Be6 26. Ng1 d5 27. exd5 Rxd5 28. Bh3 Rbd8 29. Rxd5 Nxd5 30. Kc1 f5 31. Bf1 Rc8 32. Rd2 Rc5 33. Bd3 a3 34. bxa3 bxa3 35. Ne2 Nb4 36. f4 e4 0-1

[Event "Lloyds Bank op 18th"]
[Site "London"]
[Date "1994.??.??"]
[Round "7"]
[White "Tilak, Sharad S"]
[Black "Jakubovics, Nick S"]
[Result "1-0"]
[WhiteElo "2415"]
[BlackElo "2255"]
[PlyCount "85"]
[EventDate "1994.08.??"]
[EventType "swiss"]
[EventRounds "10"]
[EventCountry "ENG"]
[SourceTitle "EXT 2000"]
[Source "ChessBase"]
[SourceDate "1999.11.16"]
[SourceVersion "1"]
[SourceVersionDate "1999.11.16"]
[SourceQuality "1"]

1. e4 e5 2. Nf3 Nc6 3. Bb5 a6 4. Ba4 Nf6 5. 0-0 Nxe4 6. d4 b5 7. Bb3 d5 8. dxe5 Be6 9. Nbd2 Nc5 10. c3 d4 11. Bxe6 Nxe6 12. cxd4 Ncxd4 13. Ne4 Be7 14. Be3 Nf5 15. Qc2 0-0 16. Nf6+ Bxf6 17. Qxf5 Be7 18. Rad1 Qc8 19. Qc2 c5 20. Nd2 Qc7 21. f4 c4 22. Ne4 Bc5 23. Qf2 Rac8 24. f5 Bxe3 25. Qxe3 Qxe5 26. fxe6 f5 27. Qc3 Qxe4 28. Rd7 Rf6 29. Re1 Qc6 30. Qe5 Re8 31. Rd6 Qb7 32. Qd4 f4 33. Rd8 Qc6 34. Rxe8+ Qxe8 35. e7 Kf7 36. Qd5+ Kg6 37. h4 h5 38. Re5 f3 39. gxf3 Kh6 40. Rxh5+ Qxh5 41. Qxh5+ Kxh5 42. e8Q+ Kxh4 43. Qh8+ 1-0

[Event "Troll Masters"]
[Site "Gausdal"]
[Date "1992.??.??"]
[Round "6"]
[White "Jakubovics, Nick S"]
[Black "Remlinger, Larry"]
[Result "0-1"]
[WhiteElo "2230"]
[BlackElo "2340"]
[PlyCount "64"]
[EventDate "1992.01.??"]
[EventType "swiss"]
[EventRounds "9"]
[EventCountry "NOR"]
[SourceTitle "CBM 028 Extra"]
[Source "ChessBase"]
[SourceDate "1992.07.01"]
[SourceVersion "1"]
[SourceVersionDate "1992.07.01"]
[SourceQuality "1"]

1. e4 e6 2. d4 d5 3. Nd2 c5 4. exd5 Qxd5 5. Ngf3 cxd4 6. Bc4 Qd6 7. 0-0 Nf6 8. Nb3 Nc6 9. Nbxd4 Nxd4 10. Nxd4 a6 11. Re1 Bd7 12. c3 Qc7 13. Qe2 Bd6 14. Bg5 0-0-0 15. b4 Bxh2+ 16. Kh1 Bf4 17. Bxf4 Qxf4 18. Bxa6 e5 19. Nf3 e4 20. Nh2 h5 21. Kg1 Ng4 22. Nf1 h4 23. f3 exf3 24. gxf3 Bc6 25. fxg4 h3 26. Rad1 Rxd1 27. Rxd1 h2+ 28. Nxh2 Qg3+ 29. Kf1 Rxh2 30. Bxb7+ Kxb7 31. Qe7+ Ka6 32. b5+ Bxb5+ 0-1

[Event "Troll Masters"]
[Site "Gausdal"]
[Date "1992.??.??"]
[Round "2"]
[White "Jakubovics, Nick S"]
[Black "Renet, Olivier"]
[Result "0-1"]
[WhiteElo "2230"]
[BlackElo "2495"]
[PlyCount "78"]
[EventDate "1992.01.??"]
[EventType "swiss"]
[EventRounds "9"]
[EventCountry "NOR"]
[SourceTitle "CBM 028 Extra"]
[Source "ChessBase"]
[SourceDate "1992.07.01"]
[SourceVersion "1"]
[SourceVersionDate "1992.07.01"]
[SourceQuality "1"]

1. e4 c5 2. Nf3 d6 3. d3 Nc6 4. g3 g6 5. Bg2 Bg7 6. Nbd2 Rb8 7. a4 a6 8. 0-0 e6 9. Re1 Nge7 10. Nf1 b5 11. axb5 axb5 12. c3 b4 13. Bd2 0-0 14. Qc1 Na5 15. Qc2 e5 16. Ng5 h6 17. Nh3 Be6 18. Ne3 Nb3 19. Rad1 bxc3 20. bxc3 Qd7 21. g4 Nxd2 22. Qxd2 Bxg4 23. Nxg4 Qxg4 24. Re3 Rb2 25. Qxb2 Qxd1+ 26. Bf1 Ra8 27. Qe2 Qb3 28. d4 Ra2 29. Qg4 exd4 30. cxd4 Qa4 31. dxc5 dxc5 32. Qf4 Nc6 33. Qd6 Bd4 34. Rf3 Ra1 35. Kg2 Ne5 36. Rf4 Qd1 37. Qd8+ Kh7 38. Bc4 Qh1+ 39. Kg3 Ra3+ 0-1

[Event "Tuzla"]
[Site "Tuzla"]
[Date "1991.??.??"]
[Round "4"]
[White "Jakubovics, Nick S"]
[Black "Rubene, Ilze"]
[Result "1-0"]
[WhiteElo "2275"]
[BlackElo "2330"]
[PlyCount "83"]
[EventDate "1991.??.??"]
[EventType "tourn"]
[EventRounds "13"]
[EventCountry "BIH"]
[EventCategory "4"]
[SourceTitle "EXT 1997"]
[Source "ChessBase"]
[SourceDate "1996.11.15"]
[SourceVersion "1"]
[SourceVersionDate "1996.11.15"]
[SourceQuality "1"]

1. e4 Nf6 2. e5 Nd5 3. d4 d6 4. Nf3 g6 5. Be2 Bg7 6. c4 Nb6 7. exd6 cxd6 8. Nc3 0-0 9. 0-0 Nc6 10. Be3 Bg4 11. b3 e6 12. Rc1 d5 13. c5 Bxf3 14. Bxf3 Nc8 15. Qd2 Qh4 16. Ne2 h6 17. b4 a6 18. a4 N8e7 19. g3 Qf6 20. Bg2 Nf5 21. Rfd1 g5 22. b5 axb5 23. axb5 Na5 24. Qb4 Qe7 25. Bd2 Rfc8 26. Ra1 Nc4 27. Bc3 Rxa1 28. Rxa1 b6 29. g4 bxc5 30. dxc5 Bxc3 31. Qxc3 Nh4 32. c6 Nxg2 33. Kxg2 f5 34. Qd4 Na3 35. Qd3 Nc4 36. gxf5 Ne5 37. Qd4 exf5 38. Qxd5+ Kh8 39. Nd4 Nd3 40. Ne6 Qxe6 41. Qxd3 Qe5 42. Rd1 1-0

[Event "Tuzla"]
[Site "Tuzla"]
[Date "1991.??.??"]
[Round "12"]
[White "Nutu Gajic, Dana"]
[Black "Jakubovics, Nick S"]
[Result "1-0"]
[WhiteElo "2310"]
[BlackElo "2275"]
[PlyCount "55"]
[EventDate "1991.??.??"]
[EventType "tourn"]
[EventRounds "13"]
[EventCountry "BIH"]
[EventCategory "4"]
[SourceTitle "EXT 1997"]
[Source "ChessBase"]
[SourceDate "1996.11.15"]
[SourceVersion "1"]
[SourceVersionDate "1996.11.15"]
[SourceQuality "1"]

1. d4 Nf6 2. c4 e5 3. dxe5 Ng4 4. Nf3 Nc6 5. Bf4 Bb4+ 6. Nbd2 Qe7 7. e3 Ngxe5 8. Nxe5 Nxe5 9. Be2 b6 10. 0-0 Bxd2 11. Qxd2 Bb7 12. Qc3 d6 13. c5 0-0 14. cxd6 cxd6 15. Rfd1 Rfd8 16. Qa3 Qe6 17. Bg3 Nc4 18. Bxc4 Qxc4 19. Rac1 Qe2 20. h3 d5 21. Be5 Qa6 22. Qe7 Rf8 23. Bxg7 Kxg7 24. Qg5+ Kh8 25. Qf6+ Kg8 26. Rd4 Rfc8 27. Rg4+ Kf8 28. Qd6+ 1-0

[Event "Tuzla"]
[Site "Tuzla"]
[Date "1991.??.??"]
[Round "1"]
[White "Stoinev, Metodi"]
[Black "Jakubovics, Nick S"]
[Result "1-0"]
[WhiteElo "2230"]
[BlackElo "2275"]
[PlyCount "63"]
[EventDate "1991.??.??"]
[EventType "tourn"]
[EventRounds "13"]
[EventCountry "BIH"]
[EventCategory "4"]
[SourceTitle "EXT 1997"]
[Source "ChessBase"]
[SourceDate "1996.11.15"]
[SourceVersion "1"]
[SourceVersionDate "1996.11.15"]
[SourceQuality "1"]

1. e4 e5 2. Nf3 Nc6 3. Nc3 Bc5 4. Nxe5 Bxf2+ 5. Kxf2 Nxe5 6. d4 Qf6+ 7. Ke1 Ng6 8. Be3 d6 9. Qf3 c6 10. Bd3 Qe7 11. Kd2 Be6 12. Rae1 f6 13. Qg3 a6 14. h4 0-0-0 15. h5 Nf8 16. d5 Bd7 17. Bf4 Be8 18. dxc6 Bxc6 19. Nd5 Bxd5 20. exd5 Qc7 21. Re4 Qa5+ 22. b4 Qxd5 23. Qxg7 Ne6 24. Rxe6 Qxe6 25. Qxh8 Qd5 26. Qg7 Rd7 27. Qg4 Ne7 28. Re1 f5 29. Qg5 h6 30. Qxh6 Qxg2+ 31. Re2 Qf3 32. Bxd6 1-0